Вып. 45 : Основания и фундаменты при строительстве в районах Восточной Сибири и Крайнего Севера: [сборник]; Строительство в районах Восточной Сибири и Крайнего Севера

التفاصيل البيبلوغرافية
Parent link:Строительство в районах Восточной Сибири и Крайнего Севера: [сборник научных трудов]/ Проектный, научно-исследовательский и конструкторский институт "Красноярский ПромстройНИИпроект". Вып. 45 : Основания и фундаменты при строительстве в районах Восточной Сибири и Крайнего Севера.— , 1961-
مؤلفون آخرون: Гавриш Ю. Е. (редактор)
اللغة:الروسية
منشور في: 1978
الموضوعات:
التنسيق: MixedMaterials كتاب
KOHA link:https://koha.lib.tpu.ru/cgi-bin/koha/opac-detail.pl?biblionumber=289351

MARC

LEADER 00000nam2a2200000 4500
001 289351
005 20231102000159.0
035 |a (RuTPU)RU\TPU\book\313856 
035 |a RU\TPU\book\313822 
090 |a 289351 
100 |a 20150401d1978 k y0rusy50 ca 
101 0 |a rus 
102 |a RU 
105 |a a z 011zy 
200 0 |a Вып. 45 : Основания и фундаменты при строительстве в районах Восточной Сибири и Крайнего Севера  |e [сборник]  |f под ред. Ю. Е. Гавриша 
210 |d 1978 
215 |a 142 с.  |c ил. 
320 |a Библиогр. в конце ст. 
461 1 |0 (RuTPU)RU\TPU\book\313781  |t Строительство в районах Восточной Сибири и Крайнего Севера  |o [сборник научных трудов]  |f Проектный, научно-исследовательский и конструкторский институт "Красноярский ПромстройНИИпроект"  |v Вып. 45 : Основания и фундаменты при строительстве в районах Восточной Сибири и Крайнего Севера  |d 1961-  
606 1 |a Строительство в условиях вечной мерзлоты  |2 stltpush  |3 (RuTPU)RU\TPU\subj\57902  |9 75751 
606 1 |a Основания и фундаменты на мерзлых грунтах  |2 stltpush  |3 (RuTPU)RU\TPU\subj\47581  |9 66503 
610 1 |a сваи 
610 1 |a деформации 
610 1 |a глинистые грунты 
610 1 |a скважины 
610 1 |a теплообразование 
610 1 |a оттаивание 
610 1 |a промерзание 
610 1 |a Восточная Сибирь 
610 1 |a Крайний Север 
675 |a 624.139  |v 4 
675 |a 624.139:624.15  |v 4 
702 1 |a Гавриш  |b Ю. Е.  |4 340 
801 1 |a RU  |b 63413507  |c 20150401 
801 2 |a RU  |b 63413507  |c 20170504  |g RCR 
942 |c BK